000 00434nam a2200169Ia 4500
008 090124s9999 xx 000 0 und d
082 _b28497
100 _aगस्ती भीमराव
245 _a बेरड
250 _a0
300 _a330
600 _aगस्ती भीमराव
630 _a बेरड
700 _aगस्ती भीमराव
730 _a बेरड
942 _cBOOK
999 _c107728
_d107728